Normal view
MARC view
- Race, Phil
Entry Personal Name
001 - CONTROL NUMBER
- control field: 78462
003 - CONTROL NUMBER IDENTIFIER
- control field: NUST
005 - DATE AND TIME OF LATEST TRANSACTION
- control field: 20210628210208.0
008 - FIXED-LENGTH DATA ELEMENTS
- fixed length control field: 210628|| aca||aabn | a|a d
040 ## - CATALOGING SOURCE
- Original cataloging agency: NUST
- Transcribing agency: NUST
100 ## - HEADING--PERSONAL NAME
- Personal name: Race, Phil
670 ## - SOURCE DATA FOUND
- Source citation: Work cat.: (NUST): Race, Phil, How to get good degree making the most of your time at university, 1999
